01869nam a2200253 4500001000400000003000400004005001700008008004100025020001800066040000800084041000800092082001700100100002600117245006900143260003500212300001100247500123900258650002601497650002801523650001401551650002001565650000901585655002101594429OSt20250624112800.0250624b |||||||g |||| 00| e eng d a9788543104508 bpor hpor a158.1bP925p1 aPrem Baba, Srid1965- aPropósito - bA coragem de ser quem somos / cPrem Baba, Sri ; aRio de JaneirobSextantec2016 a156 p. aEm Propósito, Sri Prem Baba expande o diálogo amoroso a que sempre se propôs, abordando temas que têm a ver com os anseios mais íntimos do ser humano. Aqui o leitor vai vislumbrar o horizonte de um trajeto precioso que o levará ao interior de si mesmo. Quando chegar ao seu destino, encontrará o Propósito de sua existência. Essa viagem será vigorosa, transformadora e única, mas poderá ser realizada com serenidade. Por que existimos? Qual é a nossa missão durante esta vida? Sri Prem Baba é um mestre em ensinar o caminho do amor que renova os fundamentos da existência e pode alterar os rumos da vida pessoal e coletiva. O líder humanitário afirma que “não somos uma gota d’água no oceano”, pois “o amor nos faz ser o próprio oceano”. Também explica que a paisagem interna deverá ser esquadrinhada para que possamos discernir amorosamente qual é o nosso papel no mundo. O livro está dividido em sete partes. Ao longo das seis primeiras, que tratam do nascimento à transcendência, o leitor encontrará as coordenadas para fazer a própria viagem interior. Na sétima, aprenderá as chaves práticas que vão guiar suas descobertas rumo ao despertar do amor. 0aLiteratura Brasileira 0aDesenvolvimento Pessoal 0aAutoajuda 0aEspiritualidade 0aYoga 0aNão Ficção